Vereine mit mind. 2 Zweitligameisterschaften - Sudden Death - Statistiken

Allgemein
  • Dieses Quiz wurde 530 mal gespielt
  • Das Durchschnittsergebnis liegt bei 4 aus 15
Answers on the Grid
Answers color-coded by a green-red scale on the quiz's grid according to % correct below.
VFL Bochum
Arminia Bielefeld
1.FC Köln
1.FC Nürnberg
SC Freiburg
FC Schalke 04
Hertha BSC
Hannover 96
Karlsruher SC
FC St.Pauli
Fortuna Düsseldorf
VFB Stuttgart
1.FC Kaiserslautern
1.FC Saarbrücken
SV Darmstadt 98
SpVvg Greuther Fürth
Borussia Mönchengladbach
Eintracht Frankfurt
Hansa Rostock
KFC Uerdingen
Stuttgarter Kickers
FC 08 Homburg
Werder Bremen
1860 München
TeBe Berlin
1.FSV Mainz 05
Eintracht Braunschweig
1.FC Heidenheim
Preußen Münster
Dynamo Dresden
 
Antwortstatistiken
Antwort % Korrekt
1.FC Köln
54%
1.FC Nürnberg
42%
FC Schalke 04
39%
1.FC Kaiserslautern
33%
Hertha BSC
31%
VFL Bochum
31%
Fortuna Düsseldorf
26%
VFB Stuttgart
26%
FC St.Pauli
24%
Hannover 96
23%
SC Freiburg
22%
Arminia Bielefeld
20%
Karlsruher SC
12%
SV Darmstadt 98
12%
1.FC Saarbrücken
3%
Keine übereinstimmenden Quizze gefunden
Verteilung der Resultate
Anzahl Personen mit jedem Resultat
Perzentil nach korrekt beantworteten Fragen
Ihre Resultats-Entwicklung
Sie haben dieses Quiz noch nicht gespielt